01358nmc a2200421 a 4500003000900000005001700009008004100026020001800067040001300085245006200098260005800160300001000218490007800228504002700306600003700333600004000370650003200410650002800442650002600470650001400496650001400510650001800524650003700542650002700579650002600606650001800632650003100650650002100681650002500702650001500727650002000742650001900762651001400781700003800795700003500833800003300868800003500901AR-BaBNM20251128204132.0305119s1984 ||||||||||||||000 | spa|| a450-25-0139-X cAR-BaBNM10aLa organización institucionalblos pactos preexistentes aBuenos AiresbCentro Editor de América Latinac19840 a93 p. 0aHistoria testimonial Argentina: Documentos vivos de nuestro pasadovv. 19 aBibliografía en p.1514aRosas, Juan Manuel ded1793-187714aUrquiza, Justo José ded1801-1870 4aHISTORIA POLITICA ARGENTINA 4aHISTORIA CONSTITUCIONAL 4aFEDERALISMO ARGENTINO 4aFEDERALES 4aUNITARIOS 4aPACTO FEDERAL 4aTRATADOS PROVINCIALES ARGENTINOS 4aHISTORIA INSTITUCIONAL 4aORGANIZACION NACIONAL 4aLIGA UNITARIA 4aGUERRAS CIVILES ARGENTINAS 4aANARQUIA DE 1820 4aCAUDILLOS ARGENTINOS 4aDOCUMENTOS 4aMATERIAL FUENTE 4aCONSTITUCIONES 4aArgentina1 aCragnolino, Silvia M.ecompilador1 aSchwarzstein, Doraecompilador1 aBertoni, Lilia Anaedirector1 aRomero, Luis Albertoedirector